<?xml version="1.0" encoding="UTF-8"?><?xml-stylesheet type="text/xsl" href="static/style.xsl"?><OAI-PMH xmlns="http://www.openarchives.org/OAI/2.0/" xmlns:xsi="http://www.w3.org/2001/XMLSchema-instance" xsi:schemaLocation="http://www.openarchives.org/OAI/2.0/ http://www.openarchives.org/OAI/2.0/OAI-PMH.xsd"><responseDate>2026-04-18T02:24:39Z</responseDate><request verb="GetRecord" identifier="oai:riubu.ubu.es:10259/6501" metadataPrefix="marc">https://riubu.ubu.es/oai/request</request><GetRecord><record><header><identifier>oai:riubu.ubu.es:10259/6501</identifier><datestamp>2024-05-14T08:08:40Z</datestamp><setSpec>com_10259_2699</setSpec><setSpec>col_10259_2703</setSpec></header><metadata><record xmlns="http://www.loc.gov/MARC21/slim" xmlns:doc="http://www.lyncode.com/xoai" xmlns:xsi="http://www.w3.org/2001/XMLSchema-instance" xmlns:dcterms="http://purl.org/dc/terms/" xsi:schemaLocation="http://www.loc.gov/MARC21/slim http://www.loc.gov/standards/marcxml/schema/MARC21slim.xsd">
<leader>00925njm 22002777a 4500</leader>
<datafield tag="042" ind1=" " ind2=" ">
<subfield code="a">dc</subfield>
</datafield>
<datafield tag="720" ind1=" " ind2=" ">
<subfield code="a">Cinquegrani, Alessandra</subfield>
<subfield code="e">author</subfield>
</datafield>
<datafield tag="260" ind1=" " ind2=" ">
<subfield code="c">2021</subfield>
</datafield>
<datafield tag="520" ind1=" " ind2=" ">
<subfield code="a">En la sociedad de la información actual, el éxito educativo y profesional de cada individuo depende de una combinación cada vez más compleja de habilidades tecnológicas y habilidades blandas, que le permiten operar en contextos laborales flexibles y con una orientación al cambio.&#xd;
Incluso los sistemas educativos, y por tanto también los docentes, se enfrentan a una profunda transformación y desafíos continuos ante los cambios cognitivos, culturales y tecnológicos.&#xd;
El propósito de mi investigación es detectar y analizar una serie de habilidades blandas en profesores de secundaria, tanto en Italia como en Finlandia, con el objetivo de mostrar que las habilidades digitales están vinculadas en gran medida al desarrollo de habilidades blandas. También se analizará la relación entre edad, país de origen, generación y las competencias que acabamos de mencionar.&#xd;
Al final de la investigación, se propondrán cursos de formación que incrementen las competencias transversales y digitales en la docencia, y propondrán una actuación ganadora ante las nuevas necesidades del mundo laboral y la social.</subfield>
</datafield>
<datafield tag="024" ind2=" " ind1="8">
<subfield code="a">http://hdl.handle.net/10259/6501</subfield>
</datafield>
<datafield tag="024" ind2=" " ind1="8">
<subfield code="a">10.36443/10259/6501</subfield>
</datafield>
<datafield ind1=" " ind2=" " tag="653">
<subfield code="a">Habilidades blandas</subfield>
</datafield>
<datafield ind1=" " ind2=" " tag="653">
<subfield code="a">Habilidades digitales</subfield>
</datafield>
<datafield ind1=" " ind2=" " tag="653">
<subfield code="a">TIC (Tecnologías de información y comunicación)</subfield>
</datafield>
<datafield ind1=" " ind2=" " tag="653">
<subfield code="a">Innovación digital</subfield>
</datafield>
<datafield ind1=" " ind2=" " tag="653">
<subfield code="a">Finnish and italian secondary school</subfield>
</datafield>
<datafield ind1=" " ind2=" " tag="653">
<subfield code="a">Soft skills</subfield>
</datafield>
<datafield ind1=" " ind2=" " tag="653">
<subfield code="a">Digital skills</subfield>
</datafield>
<datafield ind1=" " ind2=" " tag="653">
<subfield code="a">ICT (Information and communication technologies)</subfield>
</datafield>
<datafield ind1=" " ind2=" " tag="653">
<subfield code="a">Digital innovation</subfield>
</datafield>
<datafield tag="245" ind1="0" ind2="0">
<subfield code="a">Competencias digitales y transversales en el profesorado de secundaria para un rendimiento exitoso en el mundo laboral y social</subfield>
</datafield>
</record></metadata></record></GetRecord></OAI-PMH>